书目信息 |
| 题名: |
论降低利息和提高货币价值的后果
|
|
| 作者: | 洛克 著 ;何新 译 | |
| 分册: | ||
| 出版信息: | 北京 商务印书馆 1962.7 |
|
| 页数: | 145页 | |
| 开本: | 20cm | |
| 丛书名: | ||
| 单 册: | ||
| 中图分类: | F82 | |
| 科图分类: | ||
| 主题词: | 货币 | |
| 电子资源: | ||
| ISBN: | ||
| 000 | 00773nam0 2200217 45 | |
| 001 | 0404300814 | |
| 005 | 20051214171504.25 | |
| 010 | @dCNY0.49 | |
| 091 | @a4017.46 | |
| 100 | @a20040430d1962 km y0chiy0120 ea | |
| 101 | 0 | @achi |
| 200 | 1 | @a论降低利息和提高货币价值的后果@ALun Jiang Di Li Xi He Ti Gao Huo Bi Jia Zhi De Hou Guo@e1961年致一位议员的一封信@E1961 Nian Zhi Yi Wei Yi Yuan De Yi Feng Xin@f(英)约翰·洛克著@F(Ying)Yue Han·Luo Ke Zhu@g何新译 |
| 210 | @a北京@c商务印书馆@d1962.7 | |
| 215 | @a145页@d20cm | |
| 517 | @a1961年致一位议员的一封信@A1961 Nian Zhi Yi Wei Yi Yuan De Yi Feng Xin | |
| 606 | 0 | @a货币 |
| 690 | @aF82@v3 | |
| 701 | 0 | @a洛克@Aluo ke@4著 |
| 702 | 0 | @a何新@AHe Xin@4译 |
| 801 | @aCN@bPftUser@c20051214 | |
| 905 | @f1@b35242@dF82@e2@b35244@f1 | |
| 论降低利息和提高货币价值的后果:1961年致一位议员的一封信/(英)约翰·洛克著/何新译.-北京:商务印书馆,1962.7 |
| 145页;20cm |
| ISBN :CNY0.49 |
| ● |
| 相关链接 |
|
|
|
|
正题名:论降低利息和提高货币价值的后果
索取号:F82/2
 
预约/预借
| 序号 | 登录号 | 条形码 | 馆藏地/架位号 | 状态 | 备注 |
| 1 | 0035242 | 000491783 | 第一借阅区/ [索取号:F82/2] | 在馆 | |
| 2 | 0035243 | 202165799 | 密集书库/ [索取号:F82/2] | 在馆 | |
| 3 | 0035244 | 000491774 | 第一样本阅览室/ [索取号:F82/2] | 在馆 |